Quiz o Szamotułach - Statystyki

Ogólne statystyki
  • Ten quiz został rozwiązany 47 razy
    45 od ostatniego zresetowania
  • Średni wynik to 6 z 12
Statystyki odpowiedzi
Hint Odpowiedź % Poprawnych
Województwo Wielkopolskie
100%
Tablice Rejestracyjne PSZ
89%
Sklepy Spożywcze Żabka / Lidl / Biedronka / Netto / Lewiatan
64%
Centrum Handlowe InBag / MultiBox
57%
Wsi Wokól Szamotuł Kępa / Smiłowo / Gałowo / Piaskowo / Pęckowo / Gąsawy
54%
Kod Pocztowy 64-500
50%
Jedyny Hotel Hotel Maraton
50%
Sklepy Elektroniczne Media Expert / RTV Euro AGD
46%
ludność (ok.) 20000
43%
Najwiekszy zamek Zamek Górków
43%
Najdłuższa ulica Lipowa / Jana Pawła Drugiego / Nowowiejskiego
29%
Data załozenia (wiek) IX
14%
Nie znaleziono quizów pasujących do podanych kryteriów
Rozkład punktacji
Procent ludzi z każdym wynikiem
Percentyl według liczby udzielonych odpowiedzi
Twoja historia wyników
Nie rozwiązałeś tego quizu od ostatniego zresetowania